Communes limitrophes à Rennes - Statistiques

Statistiques générales
  • Ce quiz a été pris 106 fois
  • Le résultat moyen est 6 sur 10
Statistiques - réponses
Population Communes % Correct
18 761 Cesson-Sévigné
93%
9 957 Saint Grégoire
76%
13 800 Saint Jacques de la Lande
75%
12 964 Betton
72%
10 670 Chantepie
72%
11 703 Pacé
72%
9 839 Le Rheu
53%
6 471 Vezin le Coquet
46%
3 827 Montgermont
38%
8 359 Noyal Châtillon sur Seiche
36%
Aucun quiz correspondant
Distribution des résultats
% des personnes avec chaque résultat
Percentile par nombre de réponses
Votre historique - résultats
Vous n’avez pas pris ce quiz